[Event "World Blitz"]
[Site "Moscow RUS"]
[Date "2007.11.21"]
[Round "19"]
[White "Carlsen,M"]
[Black "Grischuk,A"]
[Result "0-1"]
[WhiteElo "2714"]
[BlackElo "2715"]
[EventDate "2007.11.21"]

1. e4 e5 2. Nf3 Nc6 3. Bb5 a6 4. Ba4 Nf6 5. O-O Be7 6. d3 b5 7. Bb3 d6 8.
a4 Bd7 9. Nbd2 O-O 10. c3 Na5 11. Bc2 c5 12. d4 cxd4 13. cxd4 Nc6 14. d5
Nb4 15. axb5 Bxb5 16. Re1 Nxc2 17. Qxc2 Rc8 18. Qb1 Qc7 19. b3 Qc2 20. Ba3
Nd7 21. Nc4 Qxb1 22. Rexb1 Bxc4 23. bxc4 Rxc4 24. Rb7 Rd8 25. Nxe5 Nxe5 26.
Rxe7 Ra4 27. h3 Nc4 28. Rc1 Nxa3 29. Ra1 Ra5 30. Ra7 g6 31. f3 Kf8 32. h4
h5 33. Kf2 Nc4 34. Rxa5 Nxa5 35. Rxa6 Nc4 36. Rc6 Ne5 37. Ra6 Ke7 38. Kg3
Rd7 39. Ra2 Rb7 40. Kf4 Rb2 41. Ra7+ Nd7 42. Kg3 Rc2 43. Kh3 Kd8 44. Ra6
Ke7 45. Ra7 Rb2 46. Kg3 Rd2 47. Rc7 Ra2 48. Kh2 Ra6 49. Kg3 Kd8 50. Rb7 Kc8
51. Rb2 Ra7 52. Kf4 Kd8 53. Kg5 Ke7 54. Kf4 Ne5 55. Kg3 Nd7 56. Kf4 Nc5 57.
Kg3 Ra3 58. Kh2 f5 59. exf5 gxf5 60. Rb8 Nd7 61. Rb7 Ra5 62. Kg3 Rxd5 63.
Kf4 Ke6 64. Kg5 Nf6 65. Kg6 Rd2 66. g4 hxg4 67. Rf7 Nd5 68. fxg4 fxg4 69.
Rf1 g3 70. Rg1 g2 71. h5 Nf4+ 72. Kg5 Nxh5 73. Kxh5 Kf5 74. Kh4 Kf4 75. Kh3
Kf3 76. Kh2 d5 77. Kh3 d4 78. Kh2 d3 79. Ra1 Rf2 80. Rd1 d2 81. Ra1 Rf1 0-1

[Event "World Blitz"]
[Site "Moscow RUS"]
[Date "2007.11.22"]
[Round "20"]
[White "Korotylev,A"]
[Black "Savchenko,B"]
[Result "0-1"]
[WhiteElo "2600"]
[BlackElo "2583"]
[EventDate "2007.11.21"]

1. d4 Nf6 2. c4 e6 3. Nf3 d5 4. Nc3 Nbd7 5. cxd5 exd5 6. Bf4 Nb6 7. e3 Bd6
8. Bxd6 Qxd6 9. Qc2 c6 10. Bd3 O-O 11. h3 a6 12. O-O Re8 13. Rfe1 Be6 14.
Rab1 Rac8 15. b4 Rc7 16. Nd2 Qe7 17. Nb3 Nc8 18. Nc5 Nd6 19. a4 g6 20. Qb3
Bc8 21. b5 axb5 22. axb5 b6 23. N5a4 c5 24. dxc5 bxc5 25. b6 c4 26. Qb4 Rc6
27. Be2 Bf5 28. Rbd1 Nfe4 29. Nxd5 Qh4 30. Rf1 Bxh3 31. gxh3 Re5 32. Nf4
Rg5+ 33. Kh2 Nxf2 34. Rg1 Re5 35. Qc3 Re4 36. Rg3 Nf5 37. Rf3 Nxe3 38. b7
Nfg4+ 39. Kg1 Re8 40. Rxe3 Qf2+ 0-1

[Event "World Blitz"]
[Site "Moscow RUS"]
[Date "2007.11.22"]
[Round "21"]
[White "Savchenko,B"]
[Black "Ivanchuk,V"]
[Result "0-1"]
[WhiteElo "2583"]
[BlackElo "2787"]
[EventDate "2007.11.21"]

1. e4 c5 2. Nf3 d6 3. d4 cxd4 4. Nxd4 Nf6 5. Nc3 Nc6 6. Bg5 e6 7. Qd2 a6 8.
O-O-O Bd7 9. f3 b5 10. Nxc6 Bxc6 11. Ne2 Bb7 12. h4 Be7 13. g4 O-O 14. Nd4
Nd7 15. Be3 d5 16. exd5 Bxd5 17. Nf5 Bxf3 18. Qxd7 exf5 19. Rg1 Bxd1 20.
Qxd1 Qxd1+ 21. Kxd1 fxg4 22. Rxg4 f5 23. Rf4 Bd6 24. Rf3 Be5 25. c3 g6 26.
Kc2 Kg7 27. b4 Rac8 28. Bc5 Rxc5 29. bxc5 Rc8 30. c4 Rxc5 31. Ra3 bxc4 32.
Rxa6 h5 33. a4 Bg3 34. a5 Bxh4 35. Ra7+ Kh6 36. a6 Rc6 37. Ra8 Bf2 38. Kc3
h4 39. Bxc4 Kg5 40. Kd3 Rc5 41. Rd8 Ra5 42. Ke2 Bg1 43. Rd1 Ba7 44. Rd7 Bb8
45. Rb7 Be5 46. Rb3 Kg4 47. Kf2 h3 48. Be2+ Kh4 49. Rb4+ Kg5 50. Rb5 Rxb5
51. Bxb5 Kf4 52. Bf1 Bd4+ 53. Ke1 Kg3 54. Bb5 f4 55. Bc6 f3 0-1

[Event "World Blitz"]
[Site "Moscow RUS"]
[Date "2007.11.22"]
[Round "22"]
[White "Gelfand,B"]
[Black "Rublevsky,S"]
[Result "0-1"]
[WhiteElo "2736"]
[BlackElo "2676"]
[EventDate "2007.11.21"]

1. d4 d5 2. Bg5 h6 3. Bh4 c6 4. e3 Qb6 5. Qc1 e5 6. Nf3 e4 7. Nfd2 Ne7 8.
c4 Nf5 9. Bg3 Nxg3 10. hxg3 Be6 11. Nc3 Nd7 12. Qc2 Be7 13. Qb3 Qxb3 14.
Nxb3 f5 15. a3 O-O-O 16. Rc1 Kb8 17. Na5 Rc8 18. b4 b6 19. cxd5 cxd5 20.
Nb3 Nf6 21. Ba6 Rc7 22. Kd2 Bc8 23. Be2 Bb7 24. Nb5 Rd7 25. Rc2 g5 26. Nc3
h5 27. Nc1 h4 28. Bb5 Rdd8 29. gxh4 Rxh4 30. Rxh4 gxh4 31. N1e2 Bd6 32. Nf4
Bxf4 33. exf4 Rg8 34. Bf1 Ng4 35. Nd1 Nh2 36. Ke1 h3 37. f3 Nxf1 38. Kxf1
h2 39. Nf2 Ba6+ 0-1

[Event "World Blitz"]
[Site "Moscow RUS"]
[Date "2007.11.22"]
[Round "22"]
[White "Karpov,Ana"]
[Black "Ponomariov,R"]
[Result "1-0"]
[WhiteElo "2670"]
[BlackElo "2705"]
[EventDate "2007.11.21"]

1. d4 Nf6 2. c4 g6 3. Nc3 d5 4. cxd5 Nxd5 5. Bd2 Nb6 6. Nf3 Bg7 7. Bg5 O-O
8. e3 h6 9. Bh4 g5 10. Bg3 c5 11. dxc5 Bxc3+ 12. bxc3 Qxd1+ 13. Rxd1 Na4
14. h4 g4 15. Nd4 Nxc5 16. f3 f6 17. Bc4+ Kg7 18. e4 Na4 19. Ne6+ Bxe6 20.
Bxe6 gxf3 21. gxf3 Nc6 22. Rg1 Kh7 23. Bf4 Nxc3 24. Rd7 Rfd8 25. Bf5+ Kh8
26. Bxh6 Rxd7 27. Bg7+ Kg8 28. Be6+ Kh7 29. Bf5+ Kg8 30. Bh6+ Kh8 31. Bg7+
Kg8 32. Be6+ Kh7 33. Bf5+ Kg8 34. Bxf6+ Kf7 35. Bxc3 Rd6 36. Rg7+ Kf8 37.
Rh7 Rad8 38. h5 Nd4 39. Bxd4 Rxd4 40. h6 R8d6 41. Kf2 Rd2+ 42. Kg3 e6 43.
Bg6 Rd8 44. Rf7+ Kg8 45. Rxb7 Rxa2 46. Kf4 a5 47. Ke5 a4 48. Ra7 a3 49.
Bf7+ Kh8 50. Bxe6 Ra1 51. f4 Rh1 52. Rxa3 Rxh6 53. f5 Rf8 54. Ra7 Rh5 55.
Rd7 Rg5 56. Kd6 Rg1 57. e5 Rf1 58. Ke7 Ra8 59. f6 Re1 60. Rd5 Ra7+ 61. Bd7
Ra8 62. e6 Kh7 63. Rf5 Kg6 64. Rf2 1-0

[Event "World Blitz"]
[Site "Moscow RUS"]
[Date "2007.11.22"]
[Round "23"]
[White "Kramnik,V"]
[Black "Ivanchuk,V"]
[Result "1/2-1/2"]
[WhiteElo "2785"]
[BlackElo "2787"]
[EventDate "2007.11.21"]

1. d4 Nf6 2. c4 e6 3. Nf3 b6 4. g3 Ba6 5. b3 Bb4+ 6. Bd2 Be7 7. Bg2 O-O 8.
O-O d5 9. cxd5 exd5 10. Nc3 Bb7 11. Qc2 Na6 12. Bf4 Qc8 13. Rfd1 Rd8 14.
Ng5 Qd7 15. Be5 g6 16. Bh3 Qe8 17. Qc1 c5 18. a4 Nh5 19. Ne6 Bc8 20. Nxd8
Bxh3 21. Nb7 Qc6 22. e4 dxe4 23. d5 Qxb7 24. d6 Bf8 25. Nd5 Be6 26. Nc7 Nb4
27. Nxa8 Qxa8 28. Qc3 Qc6 29. Rd2 Nd5 30. Qc2 e3 31. fxe3 Nxe3 32. Qd3 Nd5
33. Qf3 Nb4 34. Qxc6 Nxc6 35. d7 1/2-1/2

[Event "World Blitz"]
[Site "Moscow RUS"]
[Date "2007.11.22"]
[Round "23"]
[White "Bacrot,E"]
[Black "Gelfand,B"]
[Result "0-1"]
[WhiteElo "2695"]
[BlackElo "2736"]
[EventDate "2007.11.21"]

1. d4 d5 2. c4 c6 3. Nf3 Nf6 4. e3 Bg4 5. h3 Bxf3 6. Qxf3 e6 7. Nc3 Nbd7 8.
Bd3 Bb4 9. a3 Ba5 10. O-O O-O 11. b4 Bc7 12. cxd5 cxd5 13. Bb2 Re8 14. Qd1
Rc8 15. Rc1 Nb6 16. Nb1 Nc4 17. Bxc4 dxc4 18. Qf3 Qd6 19. g3 Qd5 20. Qe2 b5
21. Nc3 Qb7 22. e4 a6 23. Rcd1 Red8 24. e5 Nd5 25. Ne4 Bb8 26. h4 Qe7 27.
Nc5 Rc6 28. f4 f5 29. exf6 Qxf6 30. Qe4 Qf5 31. Rde1 Qxe4 32. Rxe4 Kf7 33.
Rfe1 Re8 34. f5 Bxg3 35. fxe6+ Ke7 36. Rf1 Rf8 37. Bc1 Rxf1+ 38. Kxf1 Bd6
39. Bg5+ Ke8 40. h5 Nc7 41. e7 c3 42. Ke2 Bxc5 43. bxc5 h6 44. Bh4 Re6 45.
Rxe6 Nxe6 46. Kd3 Nxd4 47. Kxc3 Nf5 48. Bf2 Nxe7 49. Kd4 Kd7 50. Ke5 g6 51.
hxg6 Nxg6+ 52. Kd5 Ne7+ 53. Ke5 Kc6 54. Kd4 h5 55. Ke4 Nd5 56. Kd4 Nf4 57.
Ke4 Ne6 58. Kf5 Nxc5 59. Be1 Nd3 60. Bd2 Nc5 61. Kg5 Ne4+ 0-1

[Event "World Blitz"]
[Site "Moscow RUS"]
[Date "2007.11.22"]
[Round "24"]
[White "Carlsen,M"]
[Black "Kramnik,V"]
[Result "1/2-1/2"]
[WhiteElo "2714"]
[BlackElo "2785"]
[EventDate "2007.11.21"]

1. d4 Nf6 2. c4 e6 3. Nf3 d5 4. Nc3 Be7 5. Bg5 h6 6. Bh4 O-O 7. e3 b6 8.
Be2 Bb7 9. Bxf6 Bxf6 10. cxd5 exd5 11. b4 c6 12. O-O Re8 13. a4 a5 14. bxa5
Rxa5 15. Qb3 Nd7 16. Rfd1 Be7 17. Rab1 Bd6 18. g3 Bc7 19. Bf1 Qf6 20. Bg2
Ba6 21. Qc2 Bc8 22. Nd2 Ra7 23. e4 dxe4 24. Ndxe4 Qg6 25. d5 Nc5 26. dxc6
Bf5 27. Re1 Be5 28. Rxb6 Bxc3 29. Qxc3 Nxe4 30. Bxe4 Bxe4 31. f3 Rxa4 32.
fxe4 Raxe4 33. Rxe4 Qxe4 34. c7 Qa8 35. Rc6 Rc8 36. Rc5 Qe4 37. Qd2 Qb1+
38. Kg2 Qb7+ 39. Kh3 Qb6 40. Qd7 Qxc5 41. Qxc8+ Kh7 42. Qd7 Qh5+ 1/2-1/2

[Event "World Blitz"]
[Site "Moscow RUS"]
[Date "2007.11.22"]
[Round "24"]
[White "Adams,Mi"]
[Black "Grischuk,A"]
[Result "1/2-1/2"]
[WhiteElo "2729"]
[BlackElo "2715"]
[EventDate "2007.11.21"]

1. e4 e5 2. Nf3 Nc6 3. Bc4 Bc5 4. c3 Nf6 5. d3 a6 6. Bb3 d6 7. Nbd2 O-O 8.
O-O Ba7 9. Nc4 Be6 10. h3 h6 11. Re1 Re8 12. Be3 Bxe3 13. Nxe3 Bxb3 14.
Qxb3 Qd7 15. Rad1 Rab8 16. Nh2 Ne7 17. Nhg4 Nxg4 18. hxg4 Qe6 19. Qc4 Qxc4
20. dxc4 Red8 21. a4 a5 22. f3 f6 23. Kf2 Kf7 24. g3 Ke6 25. Rh1 c6 26. Rd2
Rd7 27. Rhd1 Rbd8 28. Nf5 Nxf5 29. gxf5+ Ke7 30. g4 c5 31. Kg3 Ra8 32. Kh4
Ra6 33. Rd3 Rb6 34. R1d2 Rc6 35. Kh5 Kf7 36. Rd5 Rd8 37. b4 axb4 38. cxb4
cxb4 39. Rb5 b6 40. Rxb4 Ra8 41. Rdb2 Ra6 42. a5 Rxa5 43. Rxb6 Rc7 44. Rxd6
Ra1 45. Kh4 Rh1+ 46. Kg3 Rc1 47. Rb4 R1xc4 48. Rxc4 Rxc4 49. Rd7+ Kg8
1/2-1/2

[Event "World Blitz"]
[Site "Moscow RUS"]
[Date "2007.11.22"]
[Round "24"]
[White "Leko,P"]
[Black "Kasimdzhanov,R"]
[Result "0-1"]
[WhiteElo "2755"]
[BlackElo "2690"]
[EventDate "2007.11.21"]

1. e4 e5 2. Nf3 Nc6 3. Bb5 a6 4. Ba4 Nf6 5. O-O b5 6. Bb3 Bc5 7. c3 d6 8.
a4 Bg4 9. h3 Bxf3 10. Qxf3 O-O 11. d3 Na5 12. Bc2 b4 13. Nd2 Rb8 14. Rb1
Ba7 15. Nb3 Nxb3 16. Bxb3 h6 17. Bd2 a5 18. Kh1 Kh8 19. Qe2 Nd7 20. Bc4 Nc5
21. Be3 Bb6 22. Bb5 Ne6 23. Bd2 Bc5 24. Qg4 Qe7 25. g3 bxc3 26. bxc3 Bxf2
27. Rxf2 c6 28. c4 cxb5 29. axb5 a4 30. Bb4 Nc5 31. Qf3 Nb3 32. Ra2 Ra8 33.
Rf1 Qe6 34. Qf5 Qe7 35. Kg2 f6 36. h4 Qb7 37. Kh2 Nd4 38. Qg4 Nb3 39. Qg6
Nc5 40. Ra3 Nb3 41. Rf2 Qd7 42. Qf5 Qe7 43. h5 Rfd8 44. Qg4 Qb7 45. Rfa2
Nc1 46. Ra1 Nb3 47. Rf1 Qe7 48. Qg6 Rdc8 49. g4 Rf8 50. Qf5 Rfd8 51. Kh3
Qc7 52. Rf2 Qe7 53. Qf3 Qe6 54. Qd1 Qd7 55. Rfa2 Nd4 56. Rxa4 Rxa4 57. Qxa4
d5 58. Qa7 Qe8 59. Qe7 Qg8 60. cxd5 Nxb5 61. Ra6 Nd4 62. Ra7 Rb8 63. Rb7
Ra8 64. Bd6 Ne2 65. Kg2 Nf4+ 66. Kf3 Nxd3 67. Qf7 Nf4 68. Qxg8+ Kxg8 69.
Bc7 Ra3+ 70. Kf2 Ra2+ 71. Kf1 Ra1+ 72. Kf2 Ra2+ 73. Kf3 Ra3+ 74. Kf2 Nh3+
75. Ke2 Nf4+ 76. Kd2 Rd3+ 77. Kc2 Rd4 78. Rb8+ Kh7 79. d6 Ne6 80. Kc3 Rd1
81. Kb4 Rc1 82. Bb6 Rd1 83. Bc7 Rc1 84. Bb6 Rd1 85. Bc7 Rc1 86. Rb7 Rb1+
87. Kc4 Rxb7 88. Kd5 Nxc7+ 89. Kc6 Ne8 0-1

[Event "World Blitz"]
[Site "Moscow RUS"]
[Date "2007.11.22"]
[Round "24"]
[White "Shirov,A"]
[Black "Savchenko,B"]
[Result "0-1"]
[WhiteElo "2739"]
[BlackElo "2583"]
[EventDate "2007.11.21"]

1. e4 c5 2. Nf3 Nc6 3. Bb5 Nf6 4. Nc3 Nd4 5. d3 Nxb5 6. Nxb5 d5 7. Qe2 Qa5+
8. Nc3 d4 9. e5 Nd5 10. Bd2 dxc3 11. bxc3 Qd8 12. Ng5 e6 13. Qh5 g6 14. Qf3
f5 15. h4 h6 16. Nh3 Bg7 17. Qg3 Kf7 18. f4 Ne7 19. h5 Bd7 20. Nf2 Bc6 21.
c4 g5 22. Be3 g4 23. Ke2 Rc8 24. Bxc5 Bxg2 25. Bxe7 Bf3+ 0-1

[Event "World Blitz"]
[Site "Moscow RUS"]
[Date "2007.11.22"]
[Round "24"]
[White "Gelfand,B"]
[Black "Ponomariov,R"]
[Result "0-1"]
[WhiteElo "2736"]
[BlackElo "2705"]
[EventDate "2007.11.21"]

1. d4 Nf6 2. c4 e6 3. Nf3 d5 4. Nc3 Be7 5. g3 O-O 6. Bg2 dxc4 7. Ne5 Nc6 8.
Bxc6 bxc6 9. Nxc6 Qe8 10. Nxe7+ Qxe7 11. Qa4 c5 12. Qxc4 cxd4 13. Qxd4 e5
14. Qh4 Rb8 15. O-O Rb4 16. e4 h6 17. f3 Rd8 18. g4 Ba6 19. Re1 Rd3 20. Qf2
Qd7 21. Be3 Qb7 22. Re2 Rxe3 23. Rxe3 Rxb2 24. Qe1 h5 25. g5 Nh7 26. h4 Nf8
27. Rb1 Ng6 28. Rxb2 Qxb2 29. Nd5 Qxa2 30. Qf2 Qa4 31. Re1 Bc4 32. Ne3 Be6
33. Kh2 a5 34. Ng2 Qb4 35. Rc1 a4 36. Qc5 Qb3 37. Qc3 Qb5 38. Kg3 Kh7 39.
Qa3 Bb3 40. Qc5 Qe2 41. Qf2 Qa6 42. Qe3 Bc4 43. Qc3 Bf1 44. Ne3 Bb5 45. Nd5
Bd7 46. Nc7 Qd6 47. Nd5 Qe6 48. Rh1 Qa6 49. Ra1 Qe2 50. Qe3 Qb2 51. Qa3 Qb8
52. Qc3 Qb5 53. Qc7 Be6 54. Nc3 Qb2 55. Re1 Nf4 56. Qxe5 Nd3 57. g6+ fxg6
58. Qxe6 Qf2+ 0-1

[Event "World Blitz"]
[Site "Moscow RUS"]
[Date "2007.11.22"]
[Round "25"]
[White "Karpov,Ana"]
[Black "Gelfand,B"]
[Result "1-0"]
[WhiteElo "2670"]
[BlackElo "2736"]
[EventDate "2007.11.21"]

1. d4 Nf6 2. c4 e6 3. Nc3 Bb4 4. Qc2 O-O 5. a3 Bxc3+ 6. Qxc3 b6 7. Bg5 Bb7
8. e3 d6 9. Ne2 Nbd7 10. Qc2 c5 11. Rd1 Rc8 12. Nc3 a6 13. Bh4 cxd4 14.
Rxd4 Qc7 15. Qd1 Ne5 16. Bxf6 gxf6 17. Qh5 Ng6 18. Be2 Qc5 19. O-O Rfd8 20.
Rfd1 f5 21. Qg5 Qe5 22. Qg3 Qf6 23. Rxd6 f4 24. exf4 Rxd6 25. Rxd6 Bc6 26.
Qe3 Nxf4 27. Bf1 Kh8 28. g3 Ng6 29. f4 b5 30. Qd4 Qxd4+ 31. Rxd4 bxc4 32.
Rxc4 Ne7 33. Bg2 Bb7 34. Rxc8+ Bxc8 35. Na4 Kg7 36. Nb6 Kf6 37. Kf2 a5 38.
Ke3 Ba6 39. Kd4 Nf5+ 40. Kc5 Ke7 41. Be4 Nd6 42. Bxh7 f5 43. Bg6 Ne4+ 44.
Kd4 Bb5 45. Bh5 Kd6 46. Bf3 Nf6 47. Nc4+ Ke7 48. Nxa5 1-0

[Event "World Blitz"]
[Site "Moscow RUS"]
[Date "2007.11.22"]
[Round "25"]
[White "Bacrot,E"]
[Black "Ivanchuk,V"]
[Result "1-0"]
[WhiteElo "2695"]
[BlackElo "2787"]
[EventDate "2007.11.21"]

1. d4 c6 2. e4 d5 3. Nc3 Nf6 4. Bg5 dxe4 5. Nxe4 Nbd7 6. Nf3 h6 7. Nxf6+
exf6 8. Bh4 c5 9. Bc4 cxd4 10. O-O Bc5 1-0

[Event "World Blitz"]
[Site "Moscow RUS"]
[Date "2007.11.22"]
[Round "25"]
[White "Rublevsky,S"]
[Black "Carlsen,M"]
[Result "1-0"]
[WhiteElo "2676"]
[BlackElo "2714"]
[EventDate "2007.11.21"]

1. e4 Nf6 2. e5 Nd5 3. d4 d6 4. Nf3 dxe5 5. Nxe5 c6 6. Be2 Bf5 7. O-O Nd7
8. Nf3 e6 9. a3 Be7 10. c4 N5f6 11. Nc3 h6 12. Bf4 O-O 13. d5 exd5 14. cxd5
Nxd5 15. Nxd5 cxd5 16. Qxd5 Be6 17. Qxb7 Nc5 18. Qc7 Nb3 19. Qxd8 Rfxd8 20.
Rad1 Bf6 21. Be5 Bxe5 22. Nxe5 Rxd1 23. Rxd1 Rc8 24. f3 g5 25. Bd3 Rc5 26.
Ng4 Kg7 27. Kf2 f5 28. Re1 Nd4 29. Re5 Rc1 30. Ke3 Nb3 31. Rxe6 Re1+ 32.
Be2 fxg4 33. Kf2 Rc1 34. Bd3 gxf3 35. gxf3 Nc5 36. Rg6+ Kf7 37. Bf5 Rd1 38.
Rc6 Nb3 39. Be6+ Ke7 40. Bxb3 Rd2+ 41. Kg3 Rxb2 42. Bg8 h5 43. Rc7+ Kf6 44.
Rxa7 h4+ 45. Kh3 Rf2 46. Bd5 Ke5 47. Be4 Kf4 48. Rf7+ Ke3 49. Rf5 g4+ 50.
fxg4 1-0

[Event "World Blitz"]
[Site "Moscow RUS"]
[Date "2007.11.22"]
[Round "25"]
[White "Savchenko,B"]
[Black "Leko,P"]
[Result "1/2-1/2"]
[WhiteElo "2583"]
[BlackElo "2755"]
[EventDate "2007.11.21"]

1. e4 e5 2. Nf3 Nc6 3. d4 exd4 4. Nxd4 Bc5 5. Nxc6 Qf6 6. Qf3 bxc6 7. Nd2
a5 8. Bc4 Qxf3 9. Nxf3 d6 10. Bd2 Nf6 11. Bd3 Ng4 12. O-O f6 13. h3 Ne5 14.
Ne1 a4 15. Bc3 O-O 16. Kh2 Nxd3 17. Nxd3 Bb6 18. Nb4 Bb7 19. f3 Rae8 20.
Rfe1 Re7 21. Bd2 Rfe8 22. c4 Bd4 23. Rab1 f5 24. exf5 Rxe1 25. Bxe1 Re2 26.
Bc3 c5 27. Bxd4 cxd4 28. Kg3 c5 29. Nd3 Ba6 30. Nf4 Rc2 31. b3 a3 32. Re1
Kf7 33. Re6 Rxa2 34. Rxd6 Bc8 35. Rc6 Bxf5 36. Rxc5 Bc2 37. Rc7+ Ke8 38.
Ne6 d3 39. Nxg7+ Kd8 40. Ne6+ Ke8 41. Ng7+ Kd8 42. Ne6+ Ke8 43. Ng7+
1/2-1/2

[Event "World Blitz"]
[Site "Moscow RUS"]
[Date "2007.11.22"]
[Round "26"]
[White "Adams,Mi"]
[Black "Anand,V"]
[Result "0-1"]
[WhiteElo "2729"]
[BlackElo "2801"]
[EventDate "2007.11.21"]

1. e4 e5 2. Nf3 Nc6 3. Bc4 Bc5 4. c3 Nf6 5. d3 d6 6. Nbd2 a6 7. Bb3 Ba7 8.
O-O O-O 9. Nc4 Ne7 10. Bg5 Ng6 11. Nh4 Kh8 12. Nxg6+ fxg6 13. Be3 b5 14.
Nd2 Bxe3 15. fxe3 Qe7 16. Qe2 h6 17. h3 Bd7 18. Rf2 g5 19. g4 Nh7 20. Raf1
Rxf2 21. Rxf2 Nf6 22. Nf1 a5 23. a3 c5 24. Ng3 g6 25. Kg2 Kg7 26. Qd1 Rb8
27. Bd5 Rf8 28. Ba2 Qd8 29. b4 Qc8 30. Qd2 h5 31. gxh5 Bxh3+ 32. Kh1 Qg4
33. h6+ Kxh6 34. Nf1 Nxe4 35. dxe4 Bg2+ 36. Kg1 Bxe4+ 37. Rg2 Bxg2 38. Qxg2
Qxg2+ 39. Kxg2 axb4 40. axb4 c4 41. Bb1 d5 0-1

[Event "World Blitz"]
[Site "Moscow RUS"]
[Date "2007.11.22"]
[Round "26"]
[White "Carlsen,M"]
[Black "Bacrot,E"]
[Result "1-0"]
[WhiteElo "2714"]
[BlackElo "2695"]
[EventDate "2007.11.21"]

1. e4 e5 2. Nf3 d6 3. d4 exd4 4. Nxd4 Nf6 5. Nc3 Be7 6. g3 d5 7. e5 Ng4 8.
Bg2 c6 9. f4 Nh6 10. O-O Qc7 11. f5 Qxe5 12. Bxh6 O-O 13. Bf4 Qf6 14. g4
Bc5 15. Nce2 Nd7 16. Kh1 h6 17. c3 Ne5 18. Ng3 Nc4 19. b3 Nb6 20. Nh5 Qh4
21. Bg3 Qg5 22. h4 Qd8 23. Qd2 Bd6 24. Bxd6 Qxd6 25. f6 Bxg4 26. fxg7 Bxh5
27. Nf5 1-0

[Event "World Blitz"]
[Site "Moscow RUS"]
[Date "2007.11.22"]
[Round "27"]
[White "Mamedyarov,S"]
[Black "Korotylev,A"]
[Result "1-0"]
[WhiteElo "2752"]
[BlackElo "2600"]
[EventDate "2007.11.21"]

1. d4 Nf6 2. c4 g6 3. Nf3 Bg7 4. g3 O-O 5. Bg2 d6 6. O-O Nbd7 7. Nc3 e5 8.
e4 c6 9. Qc2 exd4 10. Nxd4 Ng4 11. Rd1 Qb6 12. Na4 Qa5 13. h3 Ngf6 14. Nc3
Nb6 15. b3 Re8 16. Bf4 d5 17. Bd2 Qc5 18. Be3 dxc4 19. Nf5 cxb3 20. axb3
Qb4 21. Nxg7 Kxg7 22. Bd4 Be6 23. Qd2 Nbd7 24. g4 c5 25. Be3 Bxb3 26. Rab1
Rad8 27. g5 Nh5 28. Qc1 Bxd1 29. Rxb4 cxb4 30. Nxd1 Ne5 31. Nb2 Rc8 32. Qa1
a6 33. Nd3 f6 34. gxf6+ Kxf6 35. Nxe5 Rxe5 36. f4 Ra8 1-0

[Event "World Blitz"]
[Site "Moscow RUS"]
[Date "2007.11.22"]
[Round "27"]
[White "Karpov,Ana"]
[Black "Ivanchuk,V"]
[Result "0-1"]
[WhiteElo "2670"]
[BlackElo "2787"]
[EventDate "2007.11.21"]

1. d4 Nf6 2. c4 e6 3. Nc3 Bb4 4. Qc2 O-O 5. a3 Bxc3+ 6. Qxc3 d6 7. Bg5 Nbd7
8. e3 b6 9. f3 h6 10. Bh4 c5 11. Bg3 d5 12. Rd1 Ba6 13. dxc5 bxc5 14. Nh3
Qb6 15. Rd2 Rfe8 16. Be2 Rad8 17. Bf2 Bxc4 18. Bxc4 dxc4 19. e4 Qb5 20. O-O
Nb6 21. Rfd1 Na4 22. Qc2 Rxd2 23. Rxd2 Rb8 24. Bg3 c3 25. bxc3 Qb1+ 26.
Qxb1 Rxb1+ 27. Kf2 Nxc3 28. Rd8+ Kh7 29. Be5 Ncxe4+ 30. Ke2 Ng5 31. Nf4 Rh1
32. h3 c4 33. Ra8 Nd7 34. Bc3 e5 35. Nd5 Nb6 36. Ne3 Nxa8 0-1

[Event "World Blitz"]
[Site "Moscow RUS"]
[Date "2007.11.22"]
[Round "27"]
[White "Ponomariov,R"]
[Black "Carlsen,M"]
[Result "1-0"]
[WhiteElo "2705"]
[BlackElo "2714"]
[EventDate "2007.11.21"]

1. d4 Nf6 2. c4 e6 3. Nf3 b6 4. g3 Ba6 5. b3 b5 6. Nbd2 c5 7. Bg2 Nc6 8. d5
exd5 9. cxd5 Nxd5 10. Bb2 Nf6 11. O-O Be7 12. e4 d6 13. Nh4 Rc8 14. Nf5 O-O
15. f4 Ne8 16. Nh6+ gxh6 17. Qg4+ Bg5 18. fxg5 Qxg5 19. Qe2 Nd4 20. Qf2 b4
21. Nc4 Bxc4 22. bxc4 Ng7 23. a3 a5 24. axb4 axb4 25. Ra7 Nge6 26. Rxf7 Qg6
27. Rf5 Qg7 28. h4 Ra8 29. Kh1 Ra2 30. Rxf8+ Nxf8 31. e5 dxe5 32. Bd5+ Nfe6
33. Qg2 Qg6 34. Rf2 Kg7 35. Kh2 Rxb2 36. Rxb2 Qf6 37. Rf2 Qe7 38. Qe4 Nf8
39. Qg4+ Ng6 40. h5 e4 41. hxg6 hxg6 42. Rf7+ Qxf7 43. Bxf7 Kxf7 44. Qxe4
b3 45. Kg2 Kf6 46. Qb7 Ke5 47. Qd5+ Kf6 48. Qxc5 Ne6 49. Qe3 1-0

[Event "World Blitz"]
[Site "Moscow RUS"]
[Date "2007.11.22"]
[Round "27"]
[White "Savchenko,B"]
[Black "Grischuk,A"]
[Result "1-0"]
[WhiteElo "2583"]
[BlackElo "2715"]
[EventDate "2007.11.21"]

1. e4 e5 2. Nf3 Nc6 3. d4 exd4 4. Nxd4 Bc5 5. Nxc6 Qf6 6. Qf3 bxc6 7. Nd2
Qxf3 8. Nxf3 Ne7 9. Ne5 O-O 10. Nd3 Bb6 11. Bd2 d5 12. f3 Re8 13. O-O-O a5
14. Nf4 dxe4 15. fxe4 Bg4 16. Be2 Bxe2 17. Nxe2 Ng6 18. Ng3 Bf2 19. Bc3
Bxg3 20. hxg3 Rxe4 21. Rhe1 Rxe1 22. Bxe1 Nf8 23. Rd4 a4 24. Rc4 Ra6 25.
Rb4 f6 26. Rb7 Ne6 27. Bd2 g5 28. Bc3 Kf7 29. Kd2 Ke7 30. Ke3 f5 31. Rb8
f4+ 32. Kf3 fxg3 33. Rh8 c5 34. Rxh7+ Kd6 35. Kxg3 Kd5 36. Kg4 a3 37. b3
Ke4 38. Re7 Rc6 39. Bf6 Ke3 40. Kf5 Kd2 41. Rxe6 Rxe6 42. Kxe6 Kxc2 43. Kd5
Kb1 44. Kxc5 Kxa2 45. Kb4 g4 46. g3 c5+ 47. Kc4 Kb1 48. Kxc5 Kc2 49. b4 Kd3
50. b5 1-0

[Event "World Blitz"]
[Site "Moscow RUS"]
[Date "2007.11.22"]
[Round "28"]
[White "Anand,V"]
[Black "Savchenko,B"]
[Result "1/2-1/2"]
[WhiteElo "2801"]
[BlackElo "2583"]
[EventDate "2007.11.21"]

1. e4 c5 2. Nf3 g6 3. d4 cxd4 4. Nxd4 Bg7 5. Nc3 Nc6 6. Be3 Nf6 7. Bc4 Na5
8. Be2 d6 9. O-O O-O 10. f4 Bd7 11. Qe1 Rc8 12. Rd1 Ng4 13. Bxg4 Bxg4 14.
Rd3 Nc4 15. Bc1 Qb6 16. Nd5 Bxd4+ 17. Kh1 Nxb2 18. Nxb6 Nxd3 19. cxd3 Bxb6
20. f5 Rc2 21. Bh6 Be2 22. Qa1 f6 23. Qb1 Rcc8 24. Re1 Bh5 25. Bxf8 Kxf8
26. Rc1 Rd8 27. Qb5 gxf5 28. Qxf5 Bg6 29. Qh3 d5 30. e5 fxe5 31. Qe6 Bxd3
32. Qxe5 Rd6 33. Rc8+ Kf7 34. Qh8 Bg6 35. Qg8+ Kf6 36. Rc1 Be3 37. Rf1+ Ke5
38. Qf8 Ke6 39. Qg8+ Ke5 40. h4 d4 41. h5 Be4 42. Qg7+ Ke6 43. Qf7+ Ke5 44.
Qxe7+ Kd5 45. Qxb7+ Ke5 46. Qe7+ Kd5 47. Qxa7 Rh6 48. Qd7+ Ke5 49. Qe8+ Kd5
50. Rf8 Rc6 51. Qd7+ Kc4 52. Re8 Bd5 53. Rd8 Be4 54. Qg4 Bc2 55. Qf3 Rc5
56. g4 Kd3 57. Kg2 Kd2 58. Rb8 Kc3 59. Re8 Kd2 60. Kg3 Rc3 61. Kg2 Bd1 62.
Qe4 Bc2 63. Qd5 Bd1 64. g5 Bxh5 65. Rxe3 Kxe3 66. Qe5+ Kd3 67. Qg3+ Kc4 68.
Qc7+ Kb4 69. Qxh7 Bf3+ 70. Kf2 Bd5 71. Qe7+ Kc4 72. Qc7+ Kd3 73. Qe5 Rc2+
74. Kg3 Bxa2 75. g6 Bc4 76. g7 Rc1 77. Kf2 Rc2+ 78. Kf3 Rc1 79. Qe4+ Kc3
80. Qc6 Rg1 81. Qh6 d3 82. Kf2 Rg4 83. Qf6+ Kc2 84. Qc6 Kc3 85. Kf3 Rg1 86.
Qc5 Rg6 87. Qe5+ Kb3 88. Ke3 Re6 89. Qxe6 1/2-1/2

[Event "World Blitz"]
[Site "Moscow RUS"]
[Date "2007.11.22"]
[Round "28"]
[White "Adams,Mi"]
[Black "Kasimdzhanov,R"]
[Result "1-0"]
[WhiteElo "2729"]
[BlackElo "2690"]
[EventDate "2007.11.21"]

1. e4 e5 2. Nf3 Nc6 3. Bb5 a6 4. Ba4 Nf6 5. Qe2 b5 6. Bb3 Bc5 7. d3 d6 8.
c3 O-O 9. Bg5 h6 10. Bh4 Be6 11. Nbd2 Ba7 12. h3 Bb6 13. g4 Bxb3 14. axb3
Ne7 15. Bxf6 gxf6 16. Nh4 Ng6 17. Nf5 Kh7 18. Qf3 Nf4 19. Nf1 d5 20. exd5
Qxd5 21. Qxd5 Nxd5 22. N1g3 Nf4 23. O-O-O Rad8 24. Kc2 Bxf2 25. Ne4 Bb6 26.
Nxf6+ Kg6 27. Ne4 f6 28. Rhf1 h5 29. d4 hxg4 30. hxg4 Rh8 31. Rd2 Rh3 32.
Ne7+ Kg7 33. g5 fxg5 34. Nxg5 Rh5 35. Ne4 Rdh8 36. dxe5 Be3 37. Rd7 Kh6 38.
Ng3 Rh2+ 39. Kb1 Kg5 40. Ne4+ Kg4 41. Nf6+ Kg3 42. Nf5+ 1-0

[Event "World Blitz"]
[Site "Moscow RUS"]
[Date "2007.11.22"]
[Round "28"]
[White "Leko,P"]
[Black "Rublevsky,S"]
[Result "0-1"]
[WhiteElo "2755"]
[BlackElo "2676"]
[EventDate "2007.11.21"]

1. e4 c5 2. Nf3 e6 3. d4 cxd4 4. Nxd4 a6 5. Bd3 Bc5 6. Nb3 Be7 7. Qg4 g6 8.
Qe2 d6 9. a4 b6 10. Be3 Nd7 11. N1d2 Ngf6 12. O-O O-O 13. c4 Rb8 14. Rfd1
Bb7 15. a5 bxa5 16. Nxa5 Ba8 17. Bd4 Nh5 18. g3 Bf6 19. Bxf6 Qxf6 20. b3
Nc5 21. Bc2 Rb6 22. Qe3 e5 23. Nb1 Ng7 24. Nc3 Nge6 25. Rd2 Nd4 26. Bd1
Rfb8 27. Ra3 Ncxb3 28. Bxb3 Nxb3 29. Nxb3 Rxb3 30. Nd5 Rb1+ 31. Kg2 Bxd5
32. Rxd5 R8b6 33. Rda5 Qe6 34. Qd3 Qc8 35. Qd5 Rc1 36. R5a4 Rbb1 37. Rxa6
Qd8 0-1